La lucha contra la pobreza en América Latina : (Record no. 108526)

MARC details
000 -CABECERA
campo de control de longitud fija 00802nam a2200217 a 4500
005 - FECHA Y HORA DE LA ÚLTIMA TRANSACCIÓN
campo de control 20250211063747.0
008 - ELEMENTOS DE LONGITUD FIJA--INFORMACIÓN GENERAL
campo de control de longitud fija 041115s2000 mx r 000 0 spa d
020 ## - NÚMERO INTERNACIONAL NORMALIZADO PARA LIBROS
Número Internacional Estándar del Libro 9505573480
035 ## - NÚMERO DE CONTROL DEL SISTEMA
Número de control de sistema UPN01000136375
049 ## - COLECCIÓN
Colección CG
050 #4 - SIGNATURA TOPOGRÁFICA DE LA BIBLIOTECA DEL CONGRESO
Número de clasificación HV4050.5
Número de documento/Ítem L8.3
245 03 - MENCIÓN DE TÍTULO
Título La lucha contra la pobreza en América Latina :
Resto del título deterioro social de las clases medias y experiencias de las comunidades judías /
Mención de responsabilidad, etc. comp. Bernardo Kliksberg.
260 ## - PUBLICACIÓN, DISTRIBUCIÓN, ETC.
Lugar de publicación, distribución, etc. Buenos Aires :
Nombre del editor, distribuidor, etc. FCE :
-- Banco Interamericano de Desarrollo,
Fecha de publicación, distribución, etc. 2000.
300 ## - DESCRIPCIÓN FÍSICA
Extensión 240 p.
440 #0 - MENCIÓN DE SERIE/ASIENTO SECUNDARIO--TÍTULO
Título Sección de obras de sociología
650 #4 - ASIENTO SECUNDARIO DE MATERIA - TERMINO TEMATICO
Término de materia o nombre geográfico como elemento de entrada Pobreza
Subdivisión geográfica América Latina
9 (RLIN) 1197
650 #2 - ASIENTO SECUNDARIO DE MATERIA - TERMINO TEMATICO
Término de materia o nombre geográfico como elemento de entrada Movilidad social
9 (RLIN) 16154
651 #2 - ASIENTO SECUNDARIO DE MATERIA - NOMBRE GEOGRAFICO
Nombre geográfico América Latina
Subdivisión general Condiciones sociales
9 (RLIN) 2836
700 1# - ASIENTO SECUNDARIO--NOMBRE DE PERSONAL
Nombre de persona Kliksberg, Bernardo,
Fechas asociadas al nombre 1940-
Término indicativo de función/relación comp.
9 (RLIN) 28835
905 ## - TIPO DE MATERIAL
Tipo de material Libro
Holdings
Estado de retiro Estado de pérdida Fuente del sistema de clasificación o colocación Estado dañado No para préstamo Código de colección Localización permanente Ubicación/localización actual Ubicación en estantería Total de préstamos Clasificación Código de barras Fecha visto por última vez Número de copia Tipo de ítem Koha
    Library of Congress Classification     Colección General Bib. Gregorio Torres Quintero Bib. Gregorio Torres Quintero Planta baja 6 HV4050.5 L8.3 222053 31/12/2020 1 Libro